Nicaragua: imposición bipartidista y desencanto político /

En medio del desastre irresuelto derivado del Huracán Mitch, los dos principales partidos nicaragüenses han optado por hacer reformas políticas y constitucionales que consoliden el esquema bipartidista. La oportunidad abierta por la generosa ayuda internacional, orientada a la reconstrucción del paí...

Πλήρης περιγραφή

Αποθηκεύτηκε σε:
Λεπτομέρειες βιβλιογραφικής εγγραφής
Κύριος συγγραφέας: Cajina, Roberto J
Άλλοι συγγραφείς: Lacayo Guerra, Walter
Μορφή: Κείμενο
Θέματα:
Ετικέτες: Προσθήκη ετικέτας
Δεν υπάρχουν, Καταχωρήστε ετικέτα πρώτοι!

MARC

LEADER 00000 a a2200000 04500
001 10617
003
040
100 |a Cajina, Roberto J  
245 |a Nicaragua:   |b imposición bipartidista y desencanto político /  |c Roberto J Cajina ; Walter Lacayo Guerra 
520 |a En medio del desastre irresuelto derivado del Huracán Mitch, los dos principales partidos nicaragüenses han optado por hacer reformas políticas y constitucionales que consoliden el esquema bipartidista. La oportunidad abierta por la generosa ayuda internacional, orientada a la reconstrucción del país, será desaprovechada si no se resuelven graves problemas de gestión técnica y de corrupción en la política y la administración. Las elecciones locales del 2000 y las presidenciales del 2001 son el marco donde se comprobará el éxito de la jugada bipartidista, y cuando probablemente verá sus frutos el intento gubernamental de que la deuda multilateral del país sea condonada. REV/SCM  
650 |a POLITICA  
650 |a SISTEMAS POLITICOS  
650 |a DEMOCRACIA  
650 |a CRISIS POLITICA  
700 |a Lacayo Guerra, Walter  
773 |g número 164; páginas 26-33  
999 |c 32185  |d 32185